[Event "Titled Tuesday intern op 22nd Dec"]
[Site "Chess.com INT"]
[Date "2020.12.22"]
[Round "11"]
[White "Khnykin, Nikolay"]
[Black "Vusatiuk, Vladimir"]
[Result "1-0"]
[WhiteElo "2309"]
[BlackElo "2323"]
[PlyCount "79"]
[EventDate "2020.12.22"]
[EventType "swiss (blitz)"]
[EventRounds "11"]
[EventCountry "USA"]
[SourceTitle "CBM 199 Extra"]
[Source "ChessBase"]
[SourceDate "2021.01.31"]
[SourceVersion "1"]
[SourceVersionDate "2021.01.31"]
[SourceQuality "1"]

1. e4 c5 2. d4 cxd4 3. c3 Nf6 4. e5 Nd5 5. Bc4 e6 6. Nf3 Nc6 7. 0-0 d6 8. cxd4 dxe5 9. dxe5 Be7 10. Bd2 0-0 11. Nc3 Nxc3 12. Bxc3 a6 13. Qc2 b5 14. Bd3 h6 15. Rad1 Qb6 16. Nd4 Bb7 17. Be4 Rac8 18. Qb3 Rfd8 19. Nxc6 Bxc6 20. Bb1 Bc5 21. Qc2 g6 22. Ba5 Bxf2+ 23. Qxf2 Qxf2+ 24. Kxf2 Rxd1 25. Rxd1 Bd5 26. b3 Kg7 27. Ke2 f6 28. exf6+ Kxf6 29. g3 g5 30. Kd2 Ke5 31. Bc3+ Kd6 32. Kd3 Rf8 33. Bb4+ Kd7 34. Bxf8 h5 35. Bh6 g4 36. Rf1 Bf3 37. Ke3 Kd6 38. Be4 Ke5 39. Bxf3 gxf3 40. Rxf3 1-0

[Event "Titled Tuesday intern op 15st Dec"]
[Site "Chess.com INT"]
[Date "2020.12.15"]
[Round "2"]
[White "Barrionuevo, Pablo"]
[Black "Khnykin, Nikolay"]
[Result "1-0"]
[WhiteElo "2259"]
[BlackElo "2309"]
[PlyCount "81"]
[EventDate "2020.12.15"]
[EventType "swiss (blitz)"]
[EventRounds "11"]
[EventCountry "USA"]
[SourceTitle "CBM 199 Extra"]
[Source "ChessBase"]
[SourceDate "2021.01.31"]
[SourceVersion "1"]
[SourceVersionDate "2021.01.31"]
[SourceQuality "1"]

1. d4 e6 2. c4 f5 3. g3 Nf6 4. Bg2 d5 5. Nf3 Be7 6. 0-0 0-0 7. Nbd2 c6 8. Ne5 Ne4 9. Ndf3 Nd7 10. Nd3 Ndf6 11. Qc2 Bd6 12. Bf4 Bxf4 13. Nxf4 Bd7 14. Ne5 Re8 15. f3 Nd6 16. b3 Rc8 17. c5 Nb5 18. Rad1 b6 19. b4 bxc5 20. Qxc5 Qc7 21. a4 Nd6 22. Rc1 Nb7 23. Qc3 a6 24. Rc2 a5 25. b5 c5 26. dxc5 Nxc5 27. Rfc1 Qb8 28. Nxd7 Nfxd7 29. Qxa5 Qd6 30. Qb4 Qb6 31. Kh1 g5 32. Nd3 Nxd3 33. exd3 Rxc2 34. Rxc2 Qe3 35. Qd2 Qd4 36. Qxg5+ Kf7 37. Qf4 Nc5 38. Qxd4 Nb3 39. Qa7+ Kf6 40. a5 Re7 41. b6 1-0

[Event "Titled Tuesday intern op 15st Dec"]
[Site "Chess.com INT"]
[Date "2020.12.15"]
[Round "9"]
[White "Khnykin, Nikolay"]
[Black "Bruned, Yvalin"]
[Result "0-1"]
[WhiteElo "2309"]
[BlackElo "2286"]
[PlyCount "82"]
[EventDate "2020.12.15"]
[EventType "swiss (blitz)"]
[EventRounds "11"]
[EventCountry "USA"]
[SourceTitle "CBM 199 Extra"]
[Source "ChessBase"]
[SourceDate "2021.01.31"]
[SourceVersion "1"]
[SourceVersionDate "2021.01.31"]
[SourceQuality "1"]

1. e4 c5 2. d4 cxd4 3. c3 dxc3 4. Nxc3 e6 5. Bc4 a6 6. Nf3 b5 7. Bb3 Bb7 8. 0-0 b4 9. Ne2 Bxe4 10. Ned4 Nf6 11. Bg5 Be7 12. Rc1 0-0 13. Qe2 Bb7 14. Bxf6 Bxf6 15. Bc2 d5 16. Qd3 g6 17. Bb1 Nd7 18. Rfe1 Rc8 19. Qe3 e5 20. Ne2 d4 21. Qh6 Bg7 22. Qh3 f5 23. Ng3 Bxf3 24. gxf3 Qf6 25. Kh1 Rc6 26. Rxc6 Qxc6 27. Ne2 Rc8 28. Rg1 Nf6 29. Rg3 Qd7 30. f4 e4 31. Kg2 d3 32. Ng1 d2 33. Ne2 d1Q 34. Qh4 Qxb1 35. Rh3 Rc1 36. Nxc1 Qxc1 37. Qg5 Qdd1 38. Rb3 Qg1+ 39. Kh3 Qxg5 40. fxg5 Qxg5 41. Rxb4 Qg4# 0-1

[Event "Titled Tuesday intern op 15st Dec"]
[Site "Chess.com INT"]
[Date "2020.12.15"]
[Round "6"]
[White "Sergienko, Sergey"]
[Black "Khnykin, Nikolay"]
[Result "1/2-1/2"]
[WhiteElo "2335"]
[BlackElo "2309"]
[PlyCount "103"]
[EventDate "2020.12.15"]
[EventType "swiss (blitz)"]
[EventRounds "11"]
[EventCountry "USA"]
[SourceTitle "CBM 199 Extra"]
[Source "ChessBase"]
[SourceDate "2021.01.31"]
[SourceVersion "1"]
[SourceVersionDate "2021.01.31"]
[SourceQuality "1"]

1. e4 e6 2. d4 d5 3. Nc3 Bb4 4. e5 c5 5. a3 Bxc3+ 6. bxc3 Nc6 7. Nf3 Nge7 8. Bd3 Nf5 9. 0-0 0-0 10. dxc5 Qe7 11. Bxf5 exf5 12. Qxd5 Be6 13. Qd6 Qxd6 14. cxd6 Rfd8 15. Bg5 Rd7 16. Rfd1 Rf8 17. h4 f6 18. exf6 gxf6 19. Bf4 Kf7 20. Rab1 Rg8 21. Nd4 Bd5 22. g3 Be4 23. f3 Nxd4 24. Rxd4 Bxf3 25. c4 Be4 26. Rb2 Rc8 27. Kf2 a6 28. c3 b5 29. cxb5 axb5 30. Rxb5 Rxc3 31. a4 Rc2+ 32. Ke3 Rc3+ 33. Kd2 Ra3 34. a5 Ke6 35. Rdb4 Rd8 36. Rb8 Rd7 37. Re8+ Kf7 38. Rbb8 Rxa5 39. Rf8+ Ke6 40. Rbe8+ Kd5 41. Rxf6 Ra2+ 42. Ke3 Rda7 43. Re5+ Kc6 44. d7+ Kxd7 45. Rf7+ Kc6 46. Rxa7 Rxa7 47. g4 Ra3+ 48. Kd2 Rd3+ 49. Ke2 Rd5 50. Rxd5 Kxd5 51. gxf5 Bxf5 52. Bc1 1/2-1/2

[Event "Titled Tuesday intern op 01st Dec"]
[Site "Chess.com INT"]
[Date "2020.12.01"]
[Round "8"]
[White "O'Gorman, Tom"]
[Black "Khnykin, Nikolay"]
[Result "1-0"]
[WhiteElo "2368"]
[BlackElo "2309"]
[PlyCount "59"]
[EventDate "2020.12.01"]
[EventType "swiss (blitz)"]
[EventRounds "11"]
[EventCountry "USA"]
[SourceTitle "CBM 199 Extra"]
[Source "ChessBase"]
[SourceDate "2021.01.31"]
[SourceVersion "1"]
[SourceVersionDate "2021.01.31"]
[SourceQuality "1"]

1. e4 e6 2. d4 d5 3. Nd2 c5 4. exd5 exd5 5. Ngf3 Nf6 6. Bb5+ Nc6 7. 0-0 Be7 8. dxc5 Bxc5 9. Re1+ Be6 10. Nb3 Bb6 11. Nbd4 0-0 12. Bxc6 bxc6 13. Nxc6 Qd6 14. Nce5 Rad8 15. c3 Ne4 16. Be3 Bxe3 17. Rxe3 f6 18. Nd3 Bg4 19. h3 Bh5 20. Qa4 Rfe8 21. Nd4 a6 22. Rae1 Bg6 23. f3 Nc5 24. Rxe8+ Bxe8 25. Rxe8+ Kf7 26. Rxd8 Qxd8 27. Nxc5 Qd6 28. Qd7+ Qxd7 29. Nxd7 Ke7 30. Nb6 1-0

[Event "Titled Tuesday intern op 24th Nov"]
[Site "Chess.com INT"]
[Date "2020.11.24"]
[Round "7"]
[White "Khnykin, Nikolay"]
[Black "Katzir, Moshe"]
[Result "0-1"]
[WhiteElo "2309"]
[BlackElo "2159"]
[PlyCount "80"]
[EventDate "2020.11.24"]
[EventType "swiss (blitz)"]
[EventRounds "11"]
[EventCountry "USA"]
[SourceTitle "CBM 199 Extra"]
[Source "ChessBase"]
[SourceDate "2021.01.31"]
[SourceVersion "1"]
[SourceVersionDate "2021.01.31"]
[SourceQuality "1"]

1. e4 c5 2. d4 cxd4 3. c3 d3 4. c4 Nc6 5. Bxd3 d6 6. Nf3 g6 7. Nc3 Bg7 8. 0-0 Nf6 9. Bf4 0-0 10. Re1 Nd7 11. Nd5 Nc5 12. Rb1 a5 13. e5 Nxd3 14. Qxd3 Bf5 15. Qb3 Bxb1 16. Rxb1 dxe5 17. Qxb7 exf4 18. Qxc6 e5 19. Re1 Rc8 20. Qxc8 Qxc8 21. Ne7+ Kh8 22. Nxc8 Rxc8 23. b3 f6 24. g3 fxg3 25. fxg3 Rd8 26. Kf2 g5 27. h3 h5 28. Ke3 Kh7 29. Ke4 Kg6 30. g4 Bf8 31. gxh5+ Kxh5 32. Rh1 Kg6 33. h4 g4 34. h5+ Kh6 35. Ne1 Rd4+ 36. Kf5 Rf4+ 37. Ke6 Kg5 38. Nd3 Rd4 39. Nc5 g3 40. Rg1 Rg4 0-1

[Event "Titled Tuesday intern op 24th Nov"]
[Site "Chess.com INT"]
[Date "2020.11.24"]
[Round "4"]
[White "Khnykin, Nikolay"]
[Black "Mrudul, Dehankar"]
[Result "1-0"]
[WhiteElo "2309"]
[BlackElo "2256"]
[PlyCount "53"]
[EventDate "2020.11.24"]
[EventType "swiss (blitz)"]
[EventRounds "11"]
[EventCountry "USA"]
[SourceTitle "CBM 199 Extra"]
[Source "ChessBase"]
[SourceDate "2021.01.31"]
[SourceVersion "1"]
[SourceVersionDate "2021.01.31"]
[SourceQuality "1"]

1. e4 c5 2. d4 cxd4 3. c3 g6 4. cxd4 d5 5. exd5 Nf6 6. Nc3 Bg7 7. Nf3 Nbd7 8. Bc4 0-0 9. 0-0 Nb6 10. Bb3 Nfxd5 11. Re1 Bf5 12. Nxd5 Nxd5 13. Bxd5 Qxd5 14. Rxe7 Be6 15. Be3 Rac8 16. Rc1 Rxc1 17. Qxc1 Rd8 18. a3 Bf8 19. Rc7 Bd6 20. Rc3 Qh5 21. Bf4 Be7 22. Rc7 Bf6 23. Rxb7 Bg4 24. Ne5 Rxd4 25. Rb8+ Kg7 26. Nxg4 Qxg4 27. Bh6# 1-0

[Event "Titled Tuesday intern op 24th Nov"]
[Site "Chess.com INT"]
[Date "2020.11.24"]
[Round "2"]
[White "Kruckenhauser, Arthur"]
[Black "Khnykin, Nikolay"]
[Result "1-0"]
[WhiteElo "2272"]
[BlackElo "2309"]
[PlyCount "65"]
[EventDate "2020.11.24"]
[EventType "swiss (blitz)"]
[EventRounds "11"]
[EventCountry "USA"]
[SourceTitle "CBM 199 Extra"]
[Source "ChessBase"]
[SourceDate "2021.01.31"]
[SourceVersion "1"]
[SourceVersionDate "2021.01.31"]
[SourceQuality "1"]

1. e4 e6 2. d4 d5 3. Nd2 c5 4. exd5 exd5 5. Ngf3 Nf6 6. Bb5+ Nc6 7. 0-0 Be7 8. dxc5 Bxc5 9. Nb3 Bb6 10. c3 0-0 11. Nbd4 Nxd4 12. Nxd4 Ne4 13. Be3 a6 14. Ba4 Qh4 15. Bc2 Bc7 16. g3 Nxg3 17. fxg3 Bxg3 18. Qe2 Bg4 19. Qg2 Bc7 20. Bf4 Bb6 21. Qg3 Qh5 22. Rae1 Rfe8 23. Kg2 Rac8 24. Bb3 Bxd4 25. cxd4 Re4 26. Be5 Be2 27. Rf4 g5 28. Rxe4 dxe4 29. Bxf7+ Kxf7 30. Qf2+ Kg8 31. Qxe2 g4 32. Qxe4 Qh3+ 33. Kg1 1-0